01697 a2200205 450000100040000000500170000400800410002100300150006204000400007708000830011724500540020002000220025425000110027626400360028730000270032350509840035004100080133410000310134285601180137325120260407155417.0260407a2010 arg spa dAR-UNSa-BCEJYS aAR-UNSa-BCEJYSbspacAR-UNSa-BCEJYS a658.15xAdministración financiera privada. Gestión financiera de empresas 10aFinanzas corporativaspun enfoque latinoamericano a978-987-1609-08-6 a2a. ed 1aBuenos Aires :bAlfaomegac2010 axxviii, 737 p.c23 cm. a1. Fundamentos y principios de las finanzas - 2. Panorámica de los estados financieros, los impuestos y el flujo de efectivo - 3. Análisis financiero - 4. Planificación financiera de largo plazo - 5. El valor tiempo del dinero - 6. Valuación de acciones y obligaciones - 7. Riesgo y rentabilidad - 8. Modelos de valuación de activos de capital - 9. Opciones financieras y opciones reales - 10. Técnicas de evaluación de proyectos de inversión - 11. Planificación, análisis del riesgo y opciones reales del proyecto - 12. Costo de capital - 13. Teoría de la estructura de capital - 14. La estructura de capital en la práctica - 15. Creación de valor con las decisiones financieras - 16. El punto de equilibrio económico y financiero en la empresa - 17. Política y administración financiera de corto plazo - 18. Fusiones y adquisiciones - 19. Globalización financiera y finanzas internacionales - 20. Valuación de empresas en mercados emergentes aspa1 aLópez Dumrauf, Guillermo41uhttps://biblioeco.unsa.edu.ar/pmb/images/libros/Finanzas corporativas2-l117655.jpgyImagen de portadaqimage/jpeg